RukuNiaga Malaysia.
| Corporate Author: | |
|---|---|
| Format: | Book |
| Published: |
[S.l]:
Kementerian Perdagangan Dalam Negeri dan Hal Ehwal Pengguna,
2002.
|
| Subjects: |
| LEADER | 00488cam a2200145 7i4500 | ||
|---|---|---|---|
| 001 | 0000023104 | ||
| 005 | 20090709090000.0 | ||
| 090 | 0 | 0 | |a M 338.0409595 |b KEM |
| 110 | 2 | 0 | |a Kementerian Perdagangan Dalam Negeri dan Hal Ehwal Pengguna |
| 245 | 2 | 0 | |a RukuNiaga Malaysia. |
| 260 | 0 | 0 | |a [S.l]: |b Kementerian Perdagangan Dalam Negeri dan Hal Ehwal Pengguna, |c 2002. |
| 300 | # | # | |a [v.p]. |
| 650 | 0 | 0 | |a Business ethics -- |z Malaysia |
| 651 | 0 | 0 | |a Malaysia |
| 999 | |a 0000022615 |b Book |c Malaysia |e Business Information Centre | ||